El pequeño vampiro / (Registro nro. 12761)
[ vista simple ]
| 000 -LIDER | |
|---|---|
| fixed length control field | 01004nam a2200325 4500 |
| 003 - IDENTIFICACDOR DE NÚMERO DE CONTROL | |
| control field | DO-SdBPM |
| 005 - DATE AND TIME OF LATEST TRANSACTION | |
| control field | 20250606114914.0 |
| 008 - ELEMENTOS DE LONGITUD FIJA | |
| fixed length control field | 921106s2005 a sp | |||| ||spa d |
| 017 ## - NÚMERO DE REGISTRO DE DERECHOS DE AUTOR | |
| Copyright or legal deposit number | |
| Assigning agency | |
| 020 ## - ISBN | |
| International Standard Book Number | 8420449792 |
| 035 ## - NÚMERO LOCAL | |
| System control number | |
| 040 ## - FUENTE DE CATALOGACIÓN | |
| Agencia que crea de manera original el registro | DO-SdBPM |
| Idioma de catalogación | spa |
| Agencia que realiza la transcripción | BPMSU |
| 082 #4 - NÚMERO DE CLASIFICACIÓN DECIMAL DE DEWEY | |
| Classification number | I833.91 |
| Item number | S697p 2005 |
| Edition number | 22 |
| 100 1# - ASIENTO PRINCIPAL -- NOMBRE PERSONAL | |
| Nombre personal | Sommer-Bodenburg, Angela |
| Fechas asociadas con el nombre | 1948- |
| 240 14 - TITULO UNIFORME | |
| Título uniforme | Der kleine Vampir |
| 245 13 - MENCIÓN DE TITULO | |
| Título | El pequeño vampiro / |
| Mención de responsabilidad | Ángela Sommer-Bodenburg ; ilustraciones Amelie Glienke |
| Medio (Designación general de material) | |
| 250 ## - MENCIÓN DE EDICION | |
| Mención de edición | 47a. ed. |
| 260 ## - PUBLICACIÓN, DISTRIBUCIÓN, ETC. (PIE DE IMPRENTA) | |
| Lugar de publicación, distribución, etc | Madrid : |
| Nombre del editor, distribuidor, etc. | Alfaguara, |
| -- | Santillana, |
| Fecha de publicación, distribución, etc | 2005. |
| 300 ## - DESCRIPCIÓN FÍSICA | |
| Extensión | 192 p.: |
| Otros detalles físicos | il.; |
| Dimensiones | 21 cm |
| 440 ## - MENCIÓN DE SERIE/ENTRADA SECUNDARIA--TÍTULO | |
| Enlace | R |
| 490 0# - MENCIÓN DE SERIES | |
| Mención de serie | Rororo Rotfuchs |
| 500 ## - NOTA GENERAL | |
| Nota general | Incluye datos biográficos de la autora. |
| 521 ## - TARGET AUDIENCE NOTE | |
| Target audience note | Desde los 10 años. |
| 590 ## - NOTA LOCAL | |
| Texto de la nota local | Inventariado, 2025/VM |
| 650 #4 - ENCABEZAMIENTO DE MATERIA--TEMÁTICO | |
| Término temático o nombre geográfico como elemento de entrada | Cuentos infantiles alemanes |
| 650 #4 - ENCABEZAMIENTO DE MATERIA--TEMÁTICO | |
| Término temático o nombre geográfico como elemento de entrada | Vampiros |
| Subdivisión de forma | Cuentos infantiles |
| 700 1# - ASIENTO SECUNDARIO -- NOMBRE PERSONAL | |
| Nombre personal | Glienke, Amelie |
| Mención de responsabilidad | ilustraciones |
| 910 ## - VALIDACIÓN | |
| Validación | VMateo V. Control de calidad. BPMSU |
| 942 ## - ADDED ENTRY ELEMENTS (KOHA) | |
| Source of classification or shelving scheme | Dewey Decimal Classification |
| Koha item type | Libros |
| Withdrawn status | Lost status | Source of classification or shelving scheme | Damaged status | Not for loan | Collection code | Home library | Current library | Date acquired | Source of acquisition | Total Checkouts | Full call number | Barcode | Date last seen | Price effective from | Koha item type |
|---|---|---|---|---|---|---|---|---|---|---|---|---|---|---|---|
| Dewey Decimal Classification | Colección Infantil General | Biblioteca Pública Metropolitana Salomé Ureña | Biblioteca Pública Metropolitana Salomé Ureña | 11/03/2017 | FUNDI | BPMSU CGI 833.91 S697p 2005 | BPMSU17110042 | 11/03/2017 | 11/03/2017 | Libros |